00321cam a22001097a 4500008004000000020001800040100001600058245006900074260003800143300001000181650002000191180718b2001 xxu||||| |||| 00| 0 eng d a81 85809 63 1 aRani, Belaa aSangarsh aur swabhiman ke prateek maharana pratapcby Belaa Rani aJaipurbSablime Publicationc2001 a188p. aMaharana pratap